|
|
|
|
| LEADER |
00000nam0a2200000 4500 |
| 001 |
19347 |
| 005 |
20231101205251.0 |
| 035 |
|
|
|a (RuTPU)RU\TPU\book\19509
|
| 035 |
|
|
|a BOOK00004197
|
| 090 |
|
|
|a 19347
|
| 100 |
|
|
|a 20011209d1986 km y0rusy50 ca
|
| 101 |
0 |
|
|a rus
|
| 102 |
|
|
|a RU
|
| 105 |
|
|
|a y z 000zd
|
| 200 |
1 |
|
|a Буржуазная философская антропология ХХ века
|f АН СССР. Институт философии; под ред. Б. Т. Григорьяна
|
| 210 |
|
|
|a Москва
|c Наука
|d 1986
|
| 215 |
|
|
|a 296 с.
|
| 600 |
|
1 |
|a Ясперс
|b К.
|c немецкий философ
|f 1883-1969
|g Карл
|c психиатр
|c представитель религиозного экзистенциализма
|2 stltpui
|3 (RuTPU)RU\TPU\pers\545
|
| 600 |
|
1 |
|a Хайдеггер
|b М.
|c немецкий философ
|f 1889-1976
|g Мартин
|c один из основоположников экзистенциализма
|2 stltpui
|3 (RuTPU)RU\TPU\pers\486
|
| 600 |
|
1 |
|a Марсель
|b Г.
|c французский философ
|f 1889-1973
|g Габриэль
|2 stltpush
|3 (RuTPU)RU\TPU\pers\8422
|9 1639
|
| 600 |
|
1 |
|a Сартр
|g Жан Поль
|b Ж. П.
|c французский писатель
|c философ
|c публицист
|f 1905-1980
|2 stltpui
|3 (RuTPU)RU\TPU\pers\1274
|
| 600 |
|
1 |
|a Камю
|g Альбер
|c французский писатель
|c философ-экзистенциалист
|f 1913-1960
|b А.
|2 stltpui
|3 (RuTPU)RU\TPU\pers\1275
|
| 600 |
|
1 |
|a Ортега-и-Гассет
|b Х.
|f 1883-1955
|g Хосе
|c испанский философ
|c публицист
|2 stltpush
|3 (RuTPU)RU\TPU\pers\5967
|
| 600 |
|
1 |
|a Гуссерль
|g Эдмунд
|f 1859-1938
|c немецкий философ
|b Э.
|2 stltpui
|3 (RuTPU)RU\TPU\pers\318
|
| 600 |
|
1 |
|a Кассирер
|b Э.
|c немецкий философ
|f 1874-1945
|g Эрнст
|2 stltpush
|3 (RuTPU)RU\TPU\pers\13441
|9 4095
|
| 600 |
|
1 |
|a Фрейд
|g Зигмунд
|b З.
|f 1856-1939
|c австрийский врач-психиатр
|c психолог
|c основатель психоанализа
|2 stltpui
|3 (RuTPU)RU\TPU\pers\479
|
| 600 |
|
1 |
|a Юнг
|g Карл Густав
|b К. Г.
|f 1875-1961
|c швейцарский психолог
|c философ
|2 stltpui
|3 (RuTPU)RU\TPU\pers\987
|
| 600 |
|
1 |
|a Адлер
|g Альфред
|b А.
|f 1870-1937
|c австрийский врач-психиатр и психолог
|2 stltpui
|3 (RuTPU)RU\TPU\pers\999
|
| 600 |
|
1 |
|a Хорни
|g Карен
|b К.
|c американский психолог немецкого происхождения
|c психопатолог
|c одна из основателей неофрейдизма
|f 1885-1952
|2 stltpui
|3 (RuTPU)RU\TPU\pers\491
|
| 600 |
|
1 |
|a Фромм
|g Эрих
|b Э.
|c немецко-американский философ
|c психолог
|c социолог
|f 1900-1980
|2 stltpui
|3 (RuTPU)RU\TPU\pers\515
|
| 600 |
|
1 |
|a Ландман
|b М.
|c немецкий философ
|c антрополог
|f 1913-
|g Михаэль
|2 stltpush
|3 (RuTPU)RU\TPU\pers\15350
|9 5284
|
| 600 |
|
1 |
|a Ротхакер
|b Э.
|c немецкий философ
|c антрополог
|f 1888-1965
|g Эрих
|c психолог
|2 stltpush
|3 (RuTPU)RU\TPU\pers\16036
|
| 600 |
|
1 |
|a Гелен
|b А.
|c немецкий философ
|c социолог
|f 1904-1976
|g Арнольд (Арнолд)
|2 stltpush
|3 (RuTPU)RU\TPU\pers\23170
|9 10001
|
| 600 |
|
1 |
|a Хенгстенберг
|b Г. (Х.) Э.
|c немецкий философ
|f 1904-
|g Ганс (Ханс) Эдуард
|2 stltpush
|3 (RuTPU)RU\TPU\pers\23171
|9 10002
|
| 600 |
|
1 |
|a Хаммер
|b Ф.
|c религиозный философ
|c теолог
|c антрополог
|2 stltpush
|3 (RuTPU)RU\TPU\pers\23172
|9 10003
|
| 606 |
1 |
|
|a Философская антропология
|2 stltpush
|3 (RuTPU)RU\TPU\subj\63893
|9 80825
|
| 610 |
1 |
|
|a философия
|
| 610 |
1 |
|
|a история
|
| 610 |
1 |
|
|a 20 век
|
| 610 |
1 |
|
|a антропология
|
| 610 |
1 |
|
|a человек
|
| 610 |
1 |
|
|a буржуазная философия
|
| 686 |
|
|
|a Ю61
|v LBC/SL-A
|2 rubbk
|
| 702 |
|
1 |
|a Григорьян
|b Б. Т.
|g Борис Тигранович
|4 340
|
| 712 |
0 |
2 |
|a Академия наук СССР
|b Институт философии (ИФ АН СССР)
|2 stltpush
|3 (RuTPU)RU\TPU\col\11338
|
| 801 |
|
0 |
|a RU
|b 63413507
|c 20011209
|g PSBO
|
| 801 |
|
2 |
|a RU
|b 63413507
|c 20220304
|g PSBO
|
| 942 |
|
|
|c BK
|